[Event "POL-chT U19 2nd League"]
[Site "Chelm Lubelski"]
[Date "2010.07.08"]
[Round "4"]
[White "Nowak, Dominik"]
[Black "Muszynski, Maciej"]
[Result "1-0"]
[WhiteElo "1359"]
[BlackElo "1565"]
[PlyCount "87"]
[EventDate "2010.07.06"]
[EventType "team-tourn"]
[EventRounds "11"]
[EventCountry "POL"]
[SourceTitle "EXT 2011"]
[Source "ChessBase"]
[SourceDate "2010.11.26"]
[SourceVersion "1"]
[SourceVersionDate "2010.11.26"]
[SourceQuality "1"]
[WhiteTeam "Kozuchow Odrodzenie U19"]
[BlackTeam "Pszczyna PSSz U19"]
[WhiteTeamCountry "POL"]
[BlackTeamCountry "POL"]

1. e4 d6 2. d4 Nf6 3. Nc3 g6 4. f3 Bg7 5. Be3 0-0 6. Qd2 c6 7. 0-0-0 b5 8. g4 Qa5 9. Kb1 b4 10. Nce2 Be6 11. Nc1 Na6 12. Nh3 Rab8 13. Nf4 Nc7 14. g5 Nfe8 15. h4 Nb5 16. Bxb5 Qxb5 17. d5 cxd5 18. Nxd5 Bxd5 19. Qxd5 Qxd5 20. Rxd5 Rb7 21. Ra5 Nc7 22. Rxa7 Rxa7 23. Bxa7 Nb5 24. Be3 Nd4 25. Rf1 Rc8 26. Bxd4 Bxd4 27. Nd3 Rb8 28. f4 Rb5 29. f5 Kg7 30. Ka1 f6 31. Rf3 fxg5 32. hxg5 gxf5 33. exf5 Kf7 34. Kb1 e6 35. fxe6+ Kxe6 36. Rg3 Kf5 37. Kc1 Kg6 38. Kd2 Rxg5 39. Nf4+ Kf5 40. Rxg5+ Kxf4 41. Rh5 Bxb2 42. Rxh7 Ke4 43. Rh4+ Ke5 44. Rxb4 1-0